000 00974nam a2200277 i 4500
003 DO-SdBNP
005 20231016095519.0
006 a||||gr|||| 00| 0
007 ta
008 231010e mx ad||| |||| 00| 0 spa d
020 _a9781947783126
040 _aDO-SdBNP
_bspa
_cBNPHU
_erda
082 4 _222
_bK62p 2017
100 1 _aKiyosaki, Robert T,
_974604
_eautor
245 1 0 _aPor qué los ricos se vuelven más ricos:
_b¿qué es realmente la educación financiera?. /
_cRobert T. Kiyosaki, traducción de Alejandro Ramos.
250 _a2a. edición
264 4 _aMéxico, D. F. :
_bAguilar,
_c2018
300 _a360 [4] páginas :
_bIlustraciones, gráficas ;
_c23 cm.
336 _2rdacontent
_atexo
_btxt
337 _2rdamedia
_asin mediación
_bn
338 _2rdacarrier
_avolumen
_bnc
534 _aTítulo original : Why the rich are Getting Richer.
590 _aInventariado 2023 / MF
700 1 _aRamos, Alejandra,
_etraductor
_984445
942 _2ddc
_cLBS1
999 _c55140
_d55140